2025/26 Premier League first XI - Statistics

General Stats
  • This quiz has been taken 38 times
  • The average score is 148 of 220
Answer Stats
Answer % Correct
Alexis Mac Allister
100%
Alisson
100%
Bruno Fernandes
100%
Cody Gakpo
100%
David Raya
100%
Declan Rice
100%
Enzo Fernández
100%
Florian Wirtz
100%
Gabriel Magalhães
100%
Gabriel Martinelli
100%
Hugo Ekitike
100%
Ibrahima Konaté
100%
José Sá
100%
Martin Ødegaard
100%
Martín Zubimendi
100%
Moisés Caicedo
100%
Robert Sánchez
100%
Viktor Gyökeres
100%
Virgil van Dijk
100%
William Saliba
100%
Ben White
97%
Bernardo Silva
97%
Bukayo Saka
97%
Cole Palmer
97%
Dan James
97%
Erling Haaland
97%
Jérémy Doku
97%
João Pedro
97%
John Stones
97%
Marc Cucurella
97%
Milos Kerkez
97%
Mohamed Salah
97%
Morgan Gibbs-White
97%
Reece James
97%
Riccardo Calafiori
97%
Rúben Dias
97%
Cristian Romero
93%
Dominik Szoboszlai
93%
Guglielmo Vicario
93%
James Trafford
93%
Jeremie Frimpong
93%
Micky van de Ven
93%
Pedro Neto
93%
Tijjani Reijnders
93%
Youri Tielemans
93%
Chris Wood
90%
Granit Xhaka
90%
Ismaïla Sarr
90%
John McGinn
90%
Pape Matar Sarr
90%
Richarlison
90%
Amadou Onana
86%
Bryan Mbeumo
86%
Casemiro
86%
Matty Cash
86%
Mohammed Kudus
86%
Ollie Watkins
86%
Rayan Aït-Nouri
86%
Bernd Leno
83%
Dean Henderson
83%
Jordan Pickford
83%
Matheus Cunha
83%
Matthijs de Ligt
83%
Matz Sels
83%
Pedro Porro
83%
Bruno Guimarães
79%
Ezri Konsa
79%
Kaoru Mitoma
79%
Lucas Digne
79%
Martin Dúbravka
79%
Morgan Rogers
79%
Nick Pope
79%
Nico González
79%
Oscar Bobb
79%
Altay Bayındır
76%
Brennan Johnson
76%
Jean-Philippe Mateta
76%
Leny Yoro
76%
Marc Guéhi
76%
Nikola Milenković
76%
Raúl Jiménez
76%
Trevoh Chalobah
76%
Tyrone Mings
76%
Caoimhín Kelleher
72%
Evanilson
72%
Kyle Walker
72%
Niclas Füllkrug
72%
Rico Lewis
72%
Sandro Tonali
72%
Sepp van den Berg
72%
Tyler Adams
72%
Wilfried Gnonto
72%
Alex Iwobi
69%
Anthony Elanga
69%
Anthony Gordon
69%
Bart Verbruggen
69%
Diogo Dalot
69%
Đorđe Petrović
69%
Fabian Schär
69%
Harry Wilson
69%
Idrissa Gueye
69%
Igor Thiago
69%
Kieran Trippier
69%
Lucas Bergvall
69%
Neco Williams
69%
Ola Aina
69%
Patrick Dorgu
69%
Antoine Semenyo
66%
Beto
66%
Chris Richards
66%
Daniel Muñoz
66%
Jarrod Bowen
66%
Joelinton
66%
Joe Rodon
66%
Lucas Paquetá
66%
Marcos Senesi
66%
Michael Keane
66%
Reinildo Mandava
66%
Will Hughes
66%
Adam Smith
62%
Adam Wharton
62%
Boubacar Kamara
62%
Callum Hudson-Odoi
62%
Dan Ballard
62%
Eberechi Eze
62%
Elliot Anderson
62%
Ethan Ampadu
62%
Hannibal Mejbri
62%
Ibrahim Sangaré
62%
James Tarkowski
62%
João Gomes
62%
Luke Shaw
62%
Marco Bizot
62%
Mason Mount
62%
Matt Doherty
62%
Murillo
62%
Robin Roefs
62%
Toti Gomes
62%
Ao Tanaka
59%
Chemsdine Talbi
59%
Dan Burn
59%
Dan Ndoye
59%
Harvey Barnes
59%
Iliman Ndiaye
59%
Jan van Hecke
59%
Jørgen Strand Larsen
59%
Maxence Lacroix
59%
Nathan Collins
59%
Aaron Wan-Bissaka
55%
Alex Scott
55%
Anton Stach
55%
Calvin Bassey
55%
Carlos Baleba
55%
David Brooks
55%
Djed Spence
55%
Fábio Carvalho
55%
Gabriel Gudmundsson
55%
Joachim Andersen
55%
Kiernan Dewsbury-Hall
55%
Lyle Foster
55%
Mathias Jensen
55%
Michael Kayode
55%
Pascal Struijk
55%
Archie Gray
52%
Jake O'Brien
52%
James Garner
52%
Jamie Gittens
52%
Kenny Tete
52%
Lewis Dunk
52%
Lucas Perri
52%
Mads Hermansen
52%
Sander Berge
52%
Saša Lukić
52%
Simon Adingra
52%
Tino Livramento
52%
Yankuba Minteh
52%
Yasin Ayari
52%
Adrien Truffert
48%
Carlos Alcaraz
48%
Josh Cullen
48%
Maxim De Cuyper
48%
Rico Henry
48%
Tyrick Mitchell
48%
El Hadji Malick Diouf
45%
Georginio Rutter
45%
Jayden Bogle
45%
Jean-Clair Todibo
45%
Joël Piroe
45%
Maxime Estève
45%
Max Kilman
45%
Nayef Aguerd
45%
Hjalmar Ekdal
41%
Jaidon Anthony
41%
Josh Acheampong
41%
Marcus Tavernier
41%
Trai Hume
41%
Bafodé Diakité
38%
David Møller Wolfe
38%
Guido Rodríguez
38%
Habib Diarra
38%
Noah Sadiki
38%
André
34%
Eliezer Mayenda
34%
James Ward-Prowse
34%
Jorge Cuenca
34%
Josh King
34%
Emmanuel Agbadou
31%
Keane Lewis-Potter
31%
Marshall Munetsi
31%
Mats Wieffer
31%
Matt O'Riley
31%
Quilindschy Hartman
31%
Yehor Yarmoliuk
28%
Jean-Ricner Bellegarde
24%
Josh Laurent
21%
Tim Iroegbunam
21%
Ki-Jana Hoever
17%
Oliver Sonne
17%
Jenson Seelt
14%
Antoni Milambo
10%
No matching quizzes found
Score Distribution
Percent of People with Each Score
Percentile by Number Answered
Your Score History
You have not taken this quiz